000 00538nam a2200181Ia 4500
008 151202s9999||||xx |||||||||||||| ||und||
082 _bPNVM-46857
100 _aजााव प्रल्हाद.
245 _aरानभूल.
260 _bग्रंथाली प्रकाशन.
260 _c2006
300 _a125
600 _aजााव प्रल्हाद.
630 _aरानभूल.
700 _aजााव प्रल्हाद.
730 _aरानभूल.
942 _cBOOK
999 _c1312807
_d1312804